书目信息 |
| 题名: |
创业理论与研究
|
|
| 作者: | 刘常勇 著 | |
| 分册: | ||
| 出版信息: | 北京 科学出版社 2019 |
|
| 页数: | 256页 | |
| 开本: | 24cm | |
| 丛书名: | 创新管理与持续竞争力丛书 | |
| 单 册: | ||
| 中图分类: | F241.4 | |
| 科图分类: | ||
| 主题词: | 创业--chuang ye--研究 | |
| 电子资源: | ||
| ISBN: | 978-7-03-061114-7 | |
| 000 | 01295nam 2200301 450 | |
| 001 | 012001004200 | |
| 005 | 20140108175619.0 | |
| 010 | @a978-7-03-061114-7@dCNY136.00 | |
| 099 | @aCAL 012019088630 | |
| 100 | @a20190709d2019 em y0chiy50 ea | |
| 101 | 0 | @achi |
| 102 | @aCN@b110000 | |
| 105 | @aa a 000yy | |
| 106 | @ar | |
| 200 | 1 | @a创业理论与研究@Achuang ye li lun yu yan jiu@e建构人与机会互动的创业观念模式@f刘常勇著 |
| 210 | @a北京@c科学出版社@d2019 | |
| 215 | @a256页@c图@d24cm | |
| 225 | 2 | @a创新管理与持续竞争力丛书@Achuang xin guan li yu chi xu jing zheng li cong shu |
| 320 | @a有书目 (第234-256页) | |
| 330 | @a本书两位作者长期参与全球创业观察国际组织(GEM)在台湾地区进行的研究调查计划,能够掌握我国台湾地区创业环境与创业活动的详细统计数据。因此本书也将比较全面性探讨台湾地区创业生态系统与创业活动现况,进行台湾地区创业成长期待以及女性创业意图与行动关联等两项研究,并据以呈现我国台湾地区创业活动的特征与问题。 | |
| 410 | 0 | @12001 @a创新管理与持续竞争力丛书 |
| 517 | 1 | @a建构人与机会互动的创业观念模式@Ajian gou ren yu ji hui hu dong de chuang ye guan nian mo shi |
| 606 | 0 | @a创业@Achuang ye@x研究 |
| 690 | @aF241.4@v5 | |
| 701 | 0 | @a刘常勇@Aliu chang yong@4著 |
| 801 | 0 | @aCN@b北京卓展@c20191020 |
| 905 | @b1208113-5@dF241.4@e155@f3 | |
| 920 | @a215010@z1 | |
| 创业理论与研究:建构人与机会互动的创业观念模式/刘常勇著.-北京:科学出版社,2019 |
| 256页:图;24cm.-(创新管理与持续竞争力丛书) |
| ISBN 978-7-03-061114-7:CNY136.00 |
| 本书两位作者长期参与全球创业观察国际组织(GEM)在台湾地区进行的研究调查计划,能够掌握我国台湾地区创业环境与创业活动的详细统计数据。因此本书也将比较全面性探讨台湾地区创业生态系统与创业活动现况,进行台湾地区创业成长期待以及女性创业意图与行动关联等两项研究,并据以呈现我国台湾地区创业活动的特征与问题。 |
| ● |
| 相关链接 |
|
|
|
|
正题名:创业理论与研究
索取号:F241.4/155
 
预约/预借
| 序号 | 登录号 | 条形码 | 馆藏地/架位号 | 状态 | 备注 |
| 1 | 1208113 | 212081138 | 第一样本阅览室/ [索取号:F241.4/155] | 在馆 | |
| 2 | 1208114 | 212081147 | 第一借阅区/ [索取号:F241.4/155] | 在馆 | |
| 3 | 1208115 | 212081156 | 第一借阅区/ [索取号:F241.4/155] | 在馆 |